Environmental entrepreneurship : (Record no. 19541)
[ view plain ]
| 000 -LEADER | |
|---|---|
| fixed length control field | 00887nam a22002415a 4500 |
| 008 - FIXED-LENGTH DATA ELEMENTS--GENERAL INFORMATION | |
| fixed length control field | 150609t2013 enkbd frb 001 0 eng d |
| 020 ## - INTERNATIONAL STANDARD BOOK NUMBER | |
| International Standard Book Number | 9781783473113 |
| 040 ## - CATALOGING SOURCE | |
| Original cataloging agency | EG-ScBUE |
| Language of cataloging | eng |
| Transcribing agency | EG-ScBUE |
| 082 04 - DEWEY DECIMAL CLASSIFICATION NUMBER | |
| Classification number | 658.408 |
| Item number | HUG |
| Edition number | 22 |
| 100 1# - MAIN ENTRY--PERSONAL NAME | |
| Personal name | Huggins, Laura E., |
| Dates associated with a name | 1976- |
| 9 (RLIN) | 38139 |
| 245 10 - TITLE STATEMENT | |
| Title | Environmental entrepreneurship : |
| Remainder of title | markets meet the environment in unexpected places / |
| Statement of responsibility, etc | Laura E. Huggins. |
| 260 ## - PUBLICATION, DISTRIBUTION, ETC. (IMPRINT) | |
| Place of publication, distribution, etc | Cheltenham ; |
| -- | Northampton : |
| Name of publisher, distributor, etc | Edward Elgar Publishing Limited, |
| Date of publication, distribution, etc | c.2013. |
| 300 ## - PHYSICAL DESCRIPTION | |
| Extent | v, 215 p. : |
| Other physical details | charts, maps ; |
| Dimensions | 17 cm. |
| 500 ## - GENERAL NOTE | |
| General note | Index : p. 199-215. |
| 504 ## - BIBLIOGRAPHY, ETC. NOTE | |
| Bibliography, etc | Includes bibliographical references. |
| 650 #7 - SUBJECT ADDED ENTRY--TOPICAL TERM | |
| Topical term or geographic name as entry element | Social entrepreneurship. |
| Source of heading or term | BUEsh |
| 9 (RLIN) | 35712 |
| 650 #7 - SUBJECT ADDED ENTRY--TOPICAL TERM | |
| Topical term or geographic name as entry element | Economic development |
| Source of heading or term | BUEsh |
| 9 (RLIN) | 10495 |
| 650 #7 - SUBJECT ADDED ENTRY--TOPICAL TERM | |
| Topical term or geographic name as entry element | Sustainable development. |
| Source of heading or term | BUEsh |
| 651 ## - SUBJECT ADDED ENTRY--GEOGRAPHIC NAME | |
| Source of heading or term | BUEsh |
| 653 ## - INDEX TERM--UNCONTROLLED | |
| Resource For college | BAEPS, Business Administration |
| Arrived date list | June2015 |
| 655 ## - INDEX TERM--GENRE/FORM | |
| Form subdivision | |
| -- | 34232 |
| 942 ## - ADDED ENTRY ELEMENTS (KOHA) | |
| Source of classification or shelving scheme | Dewey Decimal Classification |
| Call number prefix | 658.408 HUG |
| Withdrawn status | Lost status | Source of classification or shelving scheme | Damaged status | Not for loan | Koha collection | Home library | Current library | Shelving location | Date acquired | Source of acquisition | Cost, normal purchase price | Total Checkouts | Full call number | Barcode | Date last seen | Cost, replacement price | Koha item type |
|---|---|---|---|---|---|---|---|---|---|---|---|---|---|---|---|---|---|
| Dewey Decimal Classification | Baccah | Central Library | Central Library | First floor | 09/06/2015 | 220.00 | 658.408 HUG | 000038435 | 15/07/2025 | 275.00 | Book - Borrowing | ||||||
| Dewey Decimal Classification | Baccah | Central Library | Central Library | First floor | 10/10/2015 | Purchase | 658.408 HUG | 000039873 | 15/07/2025 | Book - Borrowing |